000 00492nam a2200181Ia 4500
003 OSt
005 20260119160357.0
008 210210b1965 xxu||||| |||| 00| 0 eng d
040 _cAL
041 _aKannada
082 _a859/259
100 _aUSHADEVI
_9148603
_dಉಷಾದೇವಿ
245 _aNIra melana gulle:
_bನೀರ ಮೇಲಣ ಗುಳ್ಳೆ
260 _aBengaluru
_bHemanta Sahitya
_c1965
690 _aKannada Fiction
_9148604
906 _a021131
942 _2ddc
_cBK
999 _c145193
_d145193